ბათუმის შოთა რუსთაველის სახელმწიფო უნივერსიტეტის ბიბლიოთეკა

Справочник проектировщика промышленных, жилых и общественных зданий и сооружений: расчетно-теоретический. Кн.1. (ბიბ.ჩანაწერი № 50621)

000 -LEADER
fixed length control field 00861nam a2200205Ia 4500
001 - CONTROL NUMBER
control field 17571
003 - CONTROL NUMBER IDENTIFIER
control field GE_BSU
008 - FIXED-LENGTH DATA ELEMENTS--GENERAL INFORMATION
fixed length control field 181216s||||||||xx |||||||||||||| ||und||
040 ## - CATALOGING SOURCE
Transcribing agency GE_BSU
080 ## - UNIVERSAL DECIMAL CLASSIFICATION NUMBER
Universal Decimal Classification number 624.04(035.5)
245 ## - TITLE STATEMENT
Title Справочник проектировщика промышленных, жилых и общественных зданий и сооружений: расчетно-теоретический. Кн.1.
245 ## - TITLE STATEMENT
Statement of responsibility, etc. Под ред. А.А.Уманского.
250 ## - EDITION STATEMENT
Edition statement Изд. второе, перераб. и дополненное.
260 ## - PUBLICATION, DISTRIBUTION, ETC.
Place of publication, distribution, etc. М.
260 ## - PUBLICATION, DISTRIBUTION, ETC.
Name of publisher, distributor, etc. Сройиздат.
260 ## - PUBLICATION, DISTRIBUTION, ETC.
Date of publication, distribution, etc. 1972.
300 ## - PHYSICAL DESCRIPTION
Extent 600 стр. 27 см.
653 ## - INDEX TERM--UNCONTROLLED
Uncontrolled term Справочник проектировщика промышленных, жилых и общественных зданий и сооружений.
942 ## - ADDED ENTRY ELEMENTS (KOHA)
Koha item type წიგნი
ეგზემპლარები
Withdrawn status Lost status Damaged status Not for loan Date acquired Barcode Date last seen Price effective from Koha item type
        2018-12-17 10323 2018-12-17 2018-12-17 წიგნი